BIBLIOTECA “JULIO CORTÁZAR”
ESCUELA AGROTÉCNICA “LIBERTADOR GENERAL SAN MARTÍN” - UNR – CASILDA

Logo Escuela Logo UNR

Latinoamérica en voz 2 : (Record no. 2309)

MARC details
000 -LEADER
campo de control de longitud fija 00923nam#a22003015a#4500
001 - NÚMERO DE CONTROL
campo de control 2309
020 ## - NÚMERO INTERNACIONAL ESTÁNDAR DEL LIBRO
Número Internacional Estándar del Libro 9789871865239
080 ## - NÚMERO DE LA CLASIFICACIÓN DECIMAL UNIVERSAL
Número de la Clasificación Decimal Universal 82-343 (08)(0.34.4)
084 ## - OTRO NÚMERO DE CLASIFICACIÓN
Número de clasificación L28 t2
040 ## - FUENTE DE CATALOGACIÓN
Centro catalogador/agencia de origen AR-ClEAG
Centro/agencia transcriptor AR-ClEAG
008 - DATOS DE LONGITUD FIJA--INFORMACIÓN GENERAL
campo de control de longitud fija 140512s2013####ag############000#0#und#d
005 - FECHA Y HORA DE LA ÚLTIMA TRANSACCIÓN
campo de control 20241107184740.0
003 - IDENTIFICADOR DE NÚMERO DE CONTROL
campo de control AR-ClEAG
100 1# - ENTRADA PRINCIPAL--NOMBRE DE PERSONA
Nombre de persona Amado, Marissa.
245 10 - MENCIÓN DEL TÍTULO
Título Latinoamérica en voz 2 :
Resto del título Cuentos y Leyendas /
Mención de responsabilidad, etc. Marissa Amado ... [et. al] . con ilustraciones de Lucas Nine.
250 ## - MENCION DE EDICION
Mención de edición 1ª ed.
260 ## - PUBLICACIÓN, DISTRIBUCIÓN, ETC.
Lugar de publicación, distribución, etc. Buenos Aires :
Nombre del editor, distribuidor, etc. Abran cancha,
Fecha de publicación, distribución, etc. 2013.
300 ## - DESCRIPCIÓN FÍSICA
Extensión 64 p. ;
Otras características físicas il. byn. ;
Dimensiones 20 cm.
490 0# - MENCIÓN DE SERIE
Mención de serie Oído leído / Adela Basch
500 ## - NOTA GENERAL
Nota general Contiene CD.
653 ## - TÉRMINO DE INDIZACIÓN--NO CONTROLADO
Término no controlado Literatura infantil y juvenil
700 1# - ENTRADA AGREGADA--NOMBRE PERSONAL
Nombre de persona Flecha, Marco.
Relación aut
700 1# - ENTRADA AGREGADA--NOMBRE PERSONAL
Nombre de persona García Pérez, Jorge Antonio.
Relación aut
700 1# - ENTRADA AGREGADA--NOMBRE PERSONAL
Nombre de persona Mix Jiménez, Patricia.
Relación aut
700 1# - ENTRADA AGREGADA--NOMBRE PERSONAL
Nombre de persona Villa Zapata, Jorge.
Relación aut
700 1# - ENTRADA AGREGADA--NOMBRE PERSONAL
Nombre de persona Nine, Lucas.
Relación ill
942 ## - ELEMENTOS DE ENTRADA SECUNDARIOS (KOHA)
Tipo de ítem Koha Libros
980 ## - EQUIVALENCIA O REFERENCIA-CRUZADA-MENCIÓN DE SERIE--NOMBRE DE PERSONA/TÍTULO [LOCAL, CANADÁ]
Enlace 2
Nombre de persona Evangelina Gallicchio
Enlace entre campo y número de secuencia 2
Información miscelánea Evangelina Gallicchio
Holdings
Estatus retirado Estado de pérdida Fuente del sistema de clasificación o colocación Estado de daño No para préstamo Biblioteca de origen Biblioteca actual Ubicación en estantería Fecha de adquisición Número de inventario Total de préstamos Signatura topográfica completa Código de barras Visto por última vez Precio de reemplazo Tipo de ítem Koha
    Clasificación decimal universal     Julio Cortázar Julio Cortázar   07/11/2024 4249   R20 82-343 (08)(0.34.4) L28 Ej.2 4249 07/11/2024 07/11/2024 Libros

Contacto

Biblioteca Julio Cortázar. Escuela Agrotécnica "Libertador San Martín". Universidad Nacional de Rosario
Dirección: Ov. Lagos 1000 - 2170 Casilda - Santa Fe - Argentina
Tel: (54) (03464) 422226.
Fax: (54) (03464) 427789.
E-Mail: biblio-eac@unr.edu.ar